000 00466nam a2200181Ia 4500
001 17338
005 20260306171510.0
008 260306s9999||||xx |||||||||||||| ||und||
041 _aESP
082 _a657.7
_bO73
100 _aOrtega SalavarrĂ­a, Rosa,
_eAUT
245 0 _aPropiedad, planta y equipo :
_btratamiento contable y tributario
260 _c2024
300 _a238 páginas :
_c24 cm.
650 _aGEN
654 _aCCO
942 _cLIB
_dJUS
_fJUS
_2ddc
_n
999 _c17338
_d17338